00324 a2200109 4500001000700000020000600007040001100013100002600024240008000050245007500130362000900205165549 a  cMagnum aGoergen, Pedro Et Al.10aFormacao de professores: a experiencia internacional sob o olhar bras.lpor10aFormacao de professores: a experiencia internacional sob o olhar bras.0 a1899